| 000 -LEADER |
| fixed length control field |
01298cam a2200385Ka 4500 |
| 001 - CONTROL NUMBER |
| control field |
10878474 |
| 003 - CONTROL NUMBER IDENTIFIER |
| control field |
OSt |
| 005 - DATE AND TIME OF LATEST TRANSACTION |
| control field |
20211013113331.0 |
| 006 - FIXED-LENGTH DATA ELEMENTS--ADDITIONAL MATERIAL CHARACTERISTICS |
| fixed length control field |
m o d |
| 007 - PHYSICAL DESCRIPTION FIXED FIELD--GENERAL INFORMATION |
| fixed length control field |
cr ||| |
| 008 - FIXED-LENGTH DATA ELEMENTS--GENERAL INFORMATION |
| fixed length control field |
140602s2006 enk o 000 0 eng d |
| 020 ## - INTERNATIONAL STANDARD BOOK NUMBER |
| International Standard Book Number |
9780340946589 |
| 035 ## - SYSTEM CONTROL NUMBER |
| System control number |
(OCoLC)ocn880833182 |
| 035 ## - SYSTEM CONTROL NUMBER |
| System control number |
(OCoLC)880833182 |
| 035 ## - SYSTEM CONTROL NUMBER |
| System control number |
(NNC)10878474 |
| 038 ## - RECORD CONTENT LICENSOR |
| Staff Name |
Khadija |
| 040 ## - CATALOGING SOURCE |
| Original cataloging agency |
SINTU |
| Transcribing agency |
SINTU |
| Modifying agency |
SINTU |
| -- |
OCLCO |
| -- |
KNOVL |
| 050 #4 - LIBRARY OF CONGRESS CALL NUMBER |
| Classification number |
TJ145 |
| 082 04 - DEWEY DECIMAL CLASSIFICATION NUMBER |
| Classification number |
621 |
| Edition number |
22 |
| Author Mark |
INT |
| 100 1# - MAIN ENTRY--PERSONAL NAME |
| Personal name |
Clifford, Michael. |
| 9 (RLIN) |
83091 |
| 245 13 - TITLE STATEMENT |
| Title |
An introduction to mechanical engineering. / |
| Number of part/section of a work |
Part 1 |
| Statement of responsibility, etc. |
Michael Clifford, Kathy Simmons, Philip Shipway. |
| 250 ## - EDITION STATEMENT |
| Edition statement |
ise ed |
| 260 ## - PUBLICATION, DISTRIBUTION, ETC. |
| Place of publication, distribution, etc. |
London : |
| Name of publisher, distributor, etc. |
Hodder Education, |
| Date of publication, distribution, etc. |
2006. |
| 300 ## - PHYSICAL DESCRIPTION |
| Extent |
1 online resource. |
| 563 ## - BINDING INFORMATION |
| Binding note |
PB |
| 650 #0 - SUBJECT ADDED ENTRY--TOPICAL TERM |
| Topical term or geographic name entry element |
Mechanical engineering. |
| 655 #4 - INDEX TERM--GENRE/FORM |
| Genre/form data or focus term |
Electronic books. |
| 9 (RLIN) |
621 |
| 700 1# - ADDED ENTRY--PERSONAL NAME |
| Personal name |
Simmons, Kathy. |
| 9 (RLIN) |
83092 |
| 700 1# - ADDED ENTRY--PERSONAL NAME |
| Personal name |
Shipway, Philip. |
| 9 (RLIN) |
83093 |
| 776 08 - ADDITIONAL PHYSICAL FORM ENTRY |
| Relationship information |
Print version: |
| Main entry heading |
Clifford, Michael. |
| Title |
Introduction to mechanical engineering. |
| Place, publisher, and date of publication |
London : Hodder Education, 2006 |
| International Standard Book Number |
9781628704952 |
| Record control number |
(OCoLC)502264821 |
| 856 40 - ELECTRONIC LOCATION AND ACCESS |
| Uniform Resource Identifier |
<a href="http://www.columbia.edu/cgi-bin/cul/resolve?clio10878474.001">http://www.columbia.edu/cgi-bin/cul/resolve?clio10878474.001</a> |
| Materials specified |
Knovel |
| 856 40 - ELECTRONIC LOCATION AND ACCESS |
| Uniform Resource Identifier |
<a href="http://www.columbia.edu/cgi-bin/cul/resolve?clio10878474.002">http://www.columbia.edu/cgi-bin/cul/resolve?clio10878474.002</a> |
| Materials specified |
Knovel |
| 942 ## - ADDED ENTRY ELEMENTS (KOHA) |
| Source of classification or shelving scheme |
|
| Koha item type |
Book |